000 00299nam a22001337a 4500
008 170614b xxu||||| |||| 00| 0 eng d
020 _a0815761058
041 _aeng
080 _a328
100 _a19
101 _aSHP
245 _aGOVERNMENT AND THE SPORTS BUSINESS
_cNOLL,R.G
942 _2udc
_cBK
999 _c17433
_d17433